[Event "FIDE Open World Blitz 2021"]
[Site "Warsaw"]
[Date "2021.12.30"]
[Round "19.28"]
[White "Masternak, Grzegorz"]
[Black "Sadzikowski, Daniel"]
[Result "1/2-1/2"]
[WhiteElo "2188"]
[BlackElo "2415"]
[Annotator "NA"]
[PlyCount "77"]
[EventDate "2021.12.29"]
[EventType "swiss"]
[EventCountry "POL"]
[Tiebreak "Cut1 Buchholz"]
[SourceTitle "playchess.com"]
[Source "ChessBase"]
[SourceQuality "1"]

1. e4 c5 2. Nc3 a6 3. g3 b5 4. Bg2 Bb7 5. d3 e6 6. f4 d5 7. e5 Nh6 8. Nf3 Be7
9. O-O O-O 10. Ne2 Nc6 11. c3 b4 12. d4 a5 13. h3 Ba6 14. g4 f6 15. exf6 gxf6
16. f5 Nf7 17. fxe6 Nd6 18. Nh4 Ne4 19. Nf5 Kh8 20. Bxe4 dxe4 21. d5 Bxe2 22.
Qxe2 Qxd5 23. Bh6 Rg8 24. Nxe7 Nxe7 25. Rxf6 Rg6 26. Raf1 Rag8 27. Bf8 Qd8 28.
Rf7 Rxe6 29. Qf2 Ng6 30. Qxc5 Nxf8 31. Rxf8 Qb6 32. Qxb6 Rxb6 33. Rxg8+ Kxg8
34. Re1 bxc3 35. bxc3 Rb2 36. Rxe4 Rxa2 37. Re7 Rc2 38. Ra7 Rxc3 39. Rxa5
1/2-1/2

[Event "FIDE Open World Blitz 2021"]
[Site "Warsaw"]
[Date "2021.12.30"]
[Round "19.29"]
[White "Matlakov, Maxim"]
[Black "Piorun, Kacper"]
[Result "1-0"]
[WhiteElo "2614"]
[BlackElo "2634"]
[Annotator "ChessBase"]
[PlyCount "51"]
[EventDate "2021.12.29"]
[EventType "swiss"]
[EventCountry "POL"]
[Tiebreak "Cut1 Buchholz"]
[SourceTitle "playchess.com"]
[Source "ChessBase"]
[SourceQuality "1"]

1. d4 Nf6 2. Nf3 g6 3. g3 Bg7 4. Bg2 O-O 5. O-O d6 6. Re1 Ne4 7. Nbd2 f5 8.
Nxe4 fxe4 9. Ng5 d5 10. f3 h6 11. Nh3 g5 12. c3 exf3 13. exf3 Nd7 14. f4 Nf6
15. fxg5 hxg5 16. Nxg5 Bf5 17. Ne6 Bxe6 18. Rxe6 Qe8 19. Qe2 c6 20. Bf4 Qg6 21.
Rf1 Rae8 22. Bh3 Kh8 23. Be5 Qh7 24. Bf5 Qh5 25. Rf4 Qxe2 26. Rh4+ 1-0

[Event "FIDE Open World Blitz 2021"]
[Site "Warsaw"]
[Date "2021.12.30"]
[Round "19.29"]
[White "Baum, Jonasz"]
[Black "Jakubowski, Krzysztof"]
[Result "1-0"]
[WhiteElo "2157"]
[BlackElo "2373"]
[Annotator "NA"]
[PlyCount "61"]
[EventDate "2021.12.29"]
[EventType "swiss"]
[EventCountry "POL"]
[Tiebreak "Cut1 Buchholz"]
[SourceTitle "playchess.com"]
[Source "ChessBase"]
[SourceQuality "1"]

1. d4 Nf6 2. c4 e6 3. Nf3 d5 4. g3 Bb4+ 5. Nc3 O-O 6. Bg2 dxc4 7. O-O c5 8.
dxc5 Bxc5 9. Ne5 Nbd7 10. Nxc4 Nb6 11. Be3 Qe7 12. Bxc5 Qxc5 13. Ne3 Rb8 14.
Rc1 Qb4 15. a3 Qxb2 16. Qd6 Bd7 17. Rc2 Qb3 18. Rb1 Qxc2 19. Nxc2 Rbc8 20. Qd3
Bc6 21. Bxc6 Rxc6 22. Ne4 Nfd5 23. Nb4 Nxb4 24. axb4 Nd5 25. b5 Rc7 26. Qa3 b6
27. Rc1 Rfc8 28. Rxc7 Rxc7 29. Qd6 g6 30. Nf6+ Kg7 31. Ne8+ 1-0

[Event "FIDE Open World Blitz 2021"]
[Site "Warsaw"]
[Date "2021.12.30"]
[Round "19.30"]
[White "Van Foreest, Jorden"]
[Black "Vokhidov, Shamsiddin"]
[Result "0-1"]
[WhiteElo "2566"]
[BlackElo "2613"]
[Annotator "ChessBase"]
[PlyCount "120"]
[EventDate "2021.12.29"]
[EventType "swiss"]
[EventCountry "POL"]
[Tiebreak "Cut1 Buchholz"]
[SourceTitle "playchess.com"]
[Source "ChessBase"]
[SourceQuality "1"]

1. e4 c5 2. Nf3 d6 3. d4 cxd4 4. Qxd4 Nf6 5. Nc3 Nc6 6. Bb5 Bd7 7. Bxc6 Bxc6 8.
Bg5 e6 9. O-O-O Be7 10. Rhe1 O-O 11. e5 dxe5 12. Nxe5 Qxd4 13. Rxd4 Rfc8 14.
Nxc6 Rxc6 15. Ne4 Rac8 16. Re2 Rc4 17. Nxf6+ gxf6 18. Rxc4 Rxc4 19. Be3 a6 20.
Rd2 Rc7 21. Bb6 Rc6 22. Rd7 Rxb6 23. Rxe7 Kg7 24. b3 f5 25. c4 Kf6 26. Rc7 e5
27. Kc2 Ke6 28. Kc3 a5 29. a3 e4 30. b4 axb4+ 31. axb4 Ra6 32. Rxb7 Ra2 33. b5
Rxf2 34. b6 e3 35. Ra7 Rf1 36. Kd3 f4 37. c5 Rd1+ 38. Ke2 Rd2+ 39. Ke1 Rxg2 40.
Ra3 Rb2 41. Rc3 Kd7 42. c6+ Kc8 43. b7+ Kc7 44. h4 h5 45. Kf1 f5 46. Ke1 Rb1+
47. Ke2 Rb2+ 48. Ke1 Rb4 49. Ke2 Rb2+ 50. Kd1 f3 51. Rxe3 Rb1+ 52. Kc2 f2 53.
Kxb1 f1=Q+ 54. Kc2 Qf2+ 55. Kd3 Qf1+ 56. Kd2 Qf4 57. Ke2 Kxc6 58. Re7 Kb6 59.
Rg7 Ka7 60. Rh7 Qxh4 0-1

[Event "FIDE Open World Blitz 2021"]
[Site "Warsaw"]
[Date "2021.12.30"]
[Round "19.30"]
[White "Gdanski, Jacek"]
[Black "Lopusiewicz, Piotr"]
[Result "0-1"]
[WhiteElo "2367"]
[BlackElo "2279"]
[Annotator "NA"]
[PlyCount "122"]
[EventDate "2021.12.29"]
[EventType "swiss"]
[EventCountry "POL"]
[Tiebreak "Cut1 Buchholz"]
[SourceTitle "playchess.com"]
[Source "ChessBase"]
[SourceQuality "1"]

1. e4 e5 2. Nf3 Nc6 3. Bb5 a6 4. Bxc6 dxc6 5. O-O Qf6 6. d4 exd4 7. Qxd4 Qxd4
8. Nxd4 Bd7 9. Bf4 O-O-O 10. Nc3 Ne7 11. Rad1 Ng6 12. Bg3 h5 13. h3 h4 14. Bh2
Re8 15. f3 b6 16. Kh1 Bb4 17. Nce2 Be7 18. Nf4 Ne5 19. b3 c5 20. Nd5 Bd6 21.
Ne2 Kb7 22. f4 Ng6 23. e5 Bf8 24. Nxb6 Bb5 25. Nc4 Bxc4 26. bxc4 Ne7 27. Rb1+
Kc8 28. Rb3 Nf5 29. Rfb1 Kd7 30. Ra3 Rh6 31. Rd1+ Kc6 32. Rxa6+ Kb7 33. Rxh6
gxh6 34. g4 hxg3 35. Nxg3 Ne3 36. Re1 Nxc2 37. Rb1+ Kc6 38. Ne4 Ra8 39. Rb2 Ne3
40. Nd2 h5 41. Kg1 Ra4 42. Kf2 Nxc4 43. Nxc4 Rxc4 44. Ke2 Kd5 45. Rd2+ Ke4 46.
Rd7 Rc2+ 47. Rd2 Rc3 48. Bg1 Rxh3 49. Rd7 Rg3 50. Bf2 Ra3 51. Rxf7 Rxa2+ 52.
Kf1 Bh6 53. e6 Kf3 54. e7 Rxf2+ 55. Kg1 Re2 56. f5 Be3+ 57. Kh1 Kg3 58. Rg7+
Kh3 59. Rg1 Bxg1 60. f6 Bd4 61. f7 Re1# 0-1

[Event "FIDE Open World Blitz 2021"]
[Site "Warsaw"]
[Date "2021.12.30"]
[Round "19.31"]
[White "Indjic, Aleksandar"]
[Black "Kantor, Gergely"]
[Result "1-0"]
[WhiteElo "2603"]
[BlackElo "2566"]
[Annotator "ChessBase"]
[PlyCount "111"]
[EventDate "2021.12.29"]
[EventType "swiss"]
[EventCountry "POL"]
[Tiebreak "Cut1 Buchholz"]
[SourceTitle "playchess.com"]
[Source "ChessBase"]
[SourceQuality "1"]

1. Nc3 Nf6 2. d4 d5 3. Bf4 e6 4. e3 Bb4 5. Nge2 O-O 6. a3 Be7 7. Ng3 c5 8. dxc5
Bxc5 9. Bd3 Nc6 10. O-O h6 11. e4 e5 12. Bd2 Ng4 13. h3 Nxf2 14. Rxf2 Qh4 15.
Nh1 f5 16. exd5 e4 17. dxc6 exd3 18. cxd3 bxc6 19. Qf3 Bxf2+ 20. Nxf2 Rb8 21.
b4 Bb7 22. Qf4 Qf6 23. Re1 Rbd8 24. Na4 c5 25. Nxc5 Bd5 26. Kh2 Rde8 27. Nd7
Qg6 28. Qg3 Qxg3+ 29. Kxg3 f4+ 30. Kh2 Rxe1 31. Bxe1 Re8 32. Ne4 Bxe4 33. dxe4
Rxe4 34. Bf2 a6 35. Nc5 Re2 36. Kg1 Ra2 37. a4 Ra1+ 38. Kh2 Ra2 39. Bd4 f3 40.
Kg3 fxg2 41. Kh2 Rd2 42. Bg1 Ra2 43. a5 Kf7 44. Nxa6 Ke6 45. Nc7+ Kd7 46. Bb6
Kc6 47. b5+ Kb7 48. Ne6 Rb2 49. Nd4 g5 50. Bc5 h5 51. a6+ Ka8 52. b6 g4 53. b7+
Rxb7 54. axb7+ Kxb7 55. h4 Kc7 56. Kxg2 1-0

[Event "FIDE Open World Blitz 2021"]
[Site "Warsaw"]
[Date "2021.12.30"]
[Round "19.31"]
[White "Lubczynski, Rafal"]
[Black "Wieczorek, Oskar"]
[Result "0-1"]
[WhiteElo "2361"]
[BlackElo "2258"]
[Annotator "NA"]
[PlyCount "100"]
[EventDate "2021.12.29"]
[EventType "swiss"]
[EventCountry "POL"]
[Tiebreak "Cut1 Buchholz"]
[SourceTitle "playchess.com"]
[Source "ChessBase"]
[SourceQuality "1"]

1. Nf3 c5 2. c4 g6 3. d4 cxd4 4. Nxd4 Nc6 5. Nc3 Nf6 6. g3 d6 7. Bg2 Bd7 8. Nc2
Bg7 9. O-O h5 10. h3 Qc8 11. Kh2 Ne5 12. b3 h4 13. g4 Nexg4+ 14. Kh1 Nh6 15.
Qd3 Bc6 16. e4 Nh5 17. Nd4 Ng8 18. Nce2 Ngf6 19. f4 Ng3+ 20. Nxg3 hxg3 21. f5
Rxh3+ 22. Kg1 Rh2 23. Qxg3 Rxg2+ 24. Qxg2 Bxe4 25. Qg5 Qc5 26. Be3 Qe5 27. Rae1
Bh6 28. Qh4 Bxe3+ 29. Rxe3 Qxd4 30. Rfe1 O-O-O 31. Qf2 Rh8 32. Rxe4 Qxf2+ 33.
Kxf2 Nxe4+ 34. Rxe4 Kd7 35. fxg6 fxg6 36. Kg3 Rf8 37. Rg4 Rf6 38. Re4 e5 39. c5
Ke6 40. cxd6 Kxd6 41. Re2 b6 42. Rd2+ Kc5 43. Kg4 a5 44. Kg5 Re6 45. Rd3 e4 46.
Rd1 e3 47. Kf4 e2 48. Re1 Kb4 49. Kf3 Ka3 50. Kf2 Kxa2 0-1

[Event "FIDE Open World Blitz 2021"]
[Site "Warsaw"]
[Date "2021.12.30"]
[Round "19.32"]
[White "Gareyev, Timur"]
[Black "Caruana, Fabiano"]
[Result "0-1"]
[WhiteElo "2583"]
[BlackElo "2791"]
[Annotator "RC"]
[PlyCount "34"]
[EventDate "2021.12.29"]
[EventType "swiss"]
[EventCountry "POL"]
[Tiebreak "Cut1 Buchholz"]
[SourceTitle "playchess.com"]
[Source "ChessBase"]
[SourceQuality "1"]

1. d4 Nf6 2. c4 d6 3. Nf3 g6 4. Nc3 Bf5 5. h3 Bg7 6. g4 Bd7 7. e4 O-O 8. Be3 c5
9. d5 b5 10. cxb5 a6 11. a4 Qa5 12. Ra3 Nxe4 13. Bd2 Nxd2 14. Qxd2 Qb4 15. bxa6
Nxa6 16. Bb5 Bxb5 17. Nxb5 Bxb2 0-1

[Event "FIDE Open World Blitz 2021"]
[Site "Warsaw"]
[Date "2021.12.30"]
[Round "19.32"]
[White "Gluszko, Tomasz"]
[Black "Berchtenbreiter, Maximilian"]
[Result "0-1"]
[WhiteElo "2086"]
[BlackElo "2506"]
[Annotator "ChessBase"]
[PlyCount "64"]
[EventDate "2021.12.29"]
[EventType "swiss"]
[EventCountry "POL"]
[Tiebreak "Cut1 Buchholz"]
[SourceTitle "playchess.com"]
[Source "ChessBase"]
[SourceQuality "1"]

1. d4 Nf6 2. Bg5 e6 3. e4 c5 4. d5 h6 5. Bxf6 Qxf6 6. Nc3 a6 7. a4 d6 8. Nf3 e5
9. Nd2 Nd7 10. Nc4 b6 11. Be2 Be7 12. Bg4 Rb8 13. O-O O-O 14. g3 Bd8 15. Qe2 b5
16. axb5 axb5 17. Na5 Bxa5 18. Rxa5 b4 19. Nb5 Nb6 20. Bxc8 Nxc8 21. Ra6 Rd8
22. Rfa1 h5 23. h4 g6 24. Kg2 Kg7 25. Rc6 Ne7 26. Rca6 g5 27. hxg5 Qg6 28. Rxd6
Rxd6 29. f4 exf4 30. gxf4 Rxb5 31. e5 Rxd5 32. Qxb5 Qxc2+ 0-1

[Event "FIDE Open World Blitz 2021"]
[Site "Warsaw"]
[Date "2021.12.30"]
[Round "19.33"]
[White "Vakhidov, Jakhongir"]
[Black "Niemann, Hans Moke"]
[Result "0-1"]
[WhiteElo "2557"]
[BlackElo "2635"]
[Annotator "ChessBase"]
[PlyCount "132"]
[EventDate "2021.12.29"]
[EventType "swiss"]
[EventCountry "POL"]
[Tiebreak "Cut1 Buchholz"]
[SourceTitle "playchess.com"]
[Source "ChessBase"]
[SourceQuality "1"]

1. c4 e5 2. Nc3 Nf6 3. Nf3 Nc6 4. e4 d6 5. h3 g6 6. d3 Bg7 7. g3 O-O 8. Bg2 Nd7
9. Bg5 f6 10. Be3 f5 11. exf5 gxf5 12. Ng5 Nf6 13. Qd2 Ne7 14. f4 Ng6 15. O-O-O
c6 16. Rhe1 Re8 17. Bh1 Bd7 18. fxe5 dxe5 19. d4 e4 20. g4 fxg4 21. hxg4 Bxg4
22. Ngxe4 Bxd1 23. Rxd1 Qd7 24. d5 Ng4 25. Bd4 Bxd4 26. Qxd4 Qg7 27. Qg1 N6e5
28. d6 Kh8 29. c5 Rf8 30. Qd4 Rad8 31. Kb1 Nd7 32. Qg1 b6 33. cxb6 axb6 34. Ng3
Nge5 35. Qh2 Ng4 36. Qh4 Nf2 37. Rc1 Rde8 38. Bxc6 Re6 39. Bxd7 Qxd7 40. Qd4+
Qg7 41. Qxg7+ Kxg7 42. d7 Rd6 43. Nh5+ Kh6 44. Ng3 Rxd7 45. Rf1 Rdf7 46. Re1
Kg6 47. Kc2 h5 48. Rg1 Nh3 49. Rh1 Rf2+ 50. Kb3 Nf4 51. Nge4 Rg2 52. a4 Rh8 53.
Rh4 Rg4 54. Rh1 h4 55. Nf2 Rg2 56. Nh3 Nxh3 57. Rxh3 Rg3 58. Rh1 h3 59. Kc4 Rh5
60. Ne4 Rg4 61. Kd3 Rd5+ 62. Kc4 Re5 63. Rxh3 Rexe4+ 64. Kb5 Rb4+ 65. Ka6 Rxa4+
66. Kxb6 Rab4+ 0-1

[Event "FIDE Open World Blitz 2021"]
[Site "Warsaw"]
[Date "2021.12.30"]
[Round "19.33"]
[White "Lima, Darcy"]
[Black "Yunusov, Mukhammad"]
[Result "1-0"]
[WhiteElo "2379"]
[BlackElo "1874"]
[Annotator "NA"]
[PlyCount "103"]
[EventDate "2021.12.29"]
[EventType "swiss"]
[EventCountry "POL"]
[Tiebreak "Cut1 Buchholz"]
[SourceTitle "playchess.com"]
[Source "ChessBase"]
[SourceQuality "1"]

1. d4 d5 2. c4 c6 3. Nd2 Nf6 4. Ngf3 a6 5. g3 Bg4 6. Bg2 e6 7. Ne5 Bh5 8. O-O
Be7 9. b3 Nbd7 10. Nd3 b5 11. Nf4 Bg6 12. Bb2 O-O 13. Nxg6 hxg6 14. e4 dxe4 15.
Nxe4 Nxe4 16. Bxe4 Rc8 17. Qf3 Qc7 18. Rac1 Nf6 19. cxb5 Nxe4 20. Qxe4 axb5 21.
Rc2 Qa7 22. Ba1 Bf6 23. Rxc6 Qxa2 24. Rxc8 Rxc8 25. Qb7 Rd8 26. Qxb5 Qd2 27.
Qb6 Kh7 28. b4 Rd5 29. Qb7 Bxd4 30. Bxd4 Qxd4 31. Qxf7 Qxb4 32. Qxe6 Qd4 33. h4
Rf5 34. Qe2 Re5 35. Qc2 Rc5 36. Qb1 Rc3 37. Kh2 Qe5 38. Kg2 Qd5+ 39. Kg1 Qc5
40. Kh2 Rc2 41. Qe1 Rc3 42. Qe4 Rc4 43. Qf3 Rc3 44. Qa8 Qc7 45. Kg2 Rc6 46. Re1
Qd7 47. Re8 Qd5+ 48. Kh2 g5 49. Rh8+ Kg6 50. Qe8+ Kf5 51. Rf8+ Kg4 52. Qe2+ 1-0

[Event "FIDE Open World Blitz 2021"]
[Site "Warsaw"]
[Date "2021.12.30"]
[Round "19.34"]
[White "Sargissian, Gabriel"]
[Black "Suleymanli, Aydin"]
[Result "1-0"]
[WhiteElo "2664"]
[BlackElo "2541"]
[Annotator "ChessBase"]
[PlyCount "127"]
[EventDate "2021.12.29"]
[EventType "swiss"]
[EventCountry "POL"]
[Tiebreak "Cut1 Buchholz"]
[SourceTitle "playchess.com"]
[Source "ChessBase"]
[SourceQuality "1"]

1. d4 Nf6 2. c4 e6 3. Nf3 d5 4. g3 Be7 5. Bg2 O-O 6. O-O dxc4 7. Qc2 b6 8. Ng5
c6 9. Qxc4 Ba6 10. Qc2 Qxd4 11. Rd1 Qc4 12. Nc3 h6 13. Nge4 Nxe4 14. Bxe4 f5
15. Bf3 Bf6 16. Be3 Bc8 17. Rac1 Nd7 18. b3 Qxc3 19. Qxc3 Bxc3 20. Rxc3 Ne5 21.
Bg2 Ba6 22. Bf4 Ng6 23. Rxc6 Nxf4 24. gxf4 Bxe2 25. Re1 Bb5 26. Rcxe6 Rae8 27.
Bd5 Kh7 28. R1e5 Rxe6 29. Bxe6 Bd3 30. f3 Rf6 31. Kf2 Kg6 32. Ke3 Ba6 33. a4
Bb7 34. b4 Bc6 35. a5 bxa5 36. bxa5 Bb7 37. Bd7 Ba6 38. Be8+ Kh7 39. Re7 Bf1
40. Kf2 Bc4 41. Rxa7 Re6 42. Bd7 Re2+ 43. Kg3 Kg6 44. Rc7 Bd5 45. Rc5 Bb7 46.
a6 Ba8 47. Bxf5+ Kf6 48. Bc8 Rb2 49. Rc7 g5 50. fxg5+ hxg5 51. Bb7 Bxb7 52.
axb7 Rb4 53. Kf2 Rb3 54. Ke2 Kf5 55. Kd2 Kf4 56. Kc2 Rb6 57. Rc4+ Kf5 58. Rc7
Kf4 59. Rf7+ Ke3 60. Kc3 Kf2 61. Kc4 Kg2 62. Kc5 Rb1 63. Kc6 Kxh2 64. Rf5 1-0

[Event "FIDE Open World Blitz 2021"]
[Site "Warsaw"]
[Date "2021.12.30"]
[Round "19.34"]
[White "Laith, Kasib"]
[Black "Tologontegin, Semetey"]
[Result "0-1"]
[WhiteElo "2010"]
[BlackElo "2224"]
[Annotator "NA"]
[PlyCount "78"]
[EventDate "2021.12.29"]
[EventType "swiss"]
[EventCountry "POL"]
[Tiebreak "Cut1 Buchholz"]
[SourceTitle "playchess.com"]
[Source "ChessBase"]
[SourceQuality "1"]

1. Nf3 g6 2. g3 b6 3. Bg2 Bb7 4. O-O Bg7 5. d3 d5 6. Nbd2 Nf6 7. c3 O-O 8. Re1
Nbd7 9. Qc2 e5 10. e4 c5 11. exd5 Nxd5 12. Nc4 Qc7 13. a4 Rfe8 14. Ng5 h6 15.
Ne4 Re6 16. Ne3 Ne7 17. Bh3 f5 18. Qb3 Kf7 19. Nd2 Nf8 20. Ndc4 Kg8 21. a5 Kh7
22. axb6 axb6 23. Rxa8 Bxa8 24. Na3 Qd8 25. Bg2 Bxg2 26. Kxg2 Qxd3 27. Rd1 Qe4+
28. f3 Qa8 29. Rd7 f4 30. Ng4 e4 31. Bxf4 exf3+ 32. Kh3 Qc8 33. Rd2 h5 34. Nf2
Re4+ 35. g4 Rxf4 36. Qd1 Rxg4 37. Rd8 Qf5 38. Qd3 Qg5 39. Qd2 Qh4# 0-1

[Event "FIDE Open World Blitz 2021"]
[Site "Warsaw"]
[Date "2021.12.30"]
[Round "19.35"]
[White "Gajewski, Grzegorz"]
[Black "Pichot, Alan"]
[Result "1/2-1/2"]
[WhiteElo "2589"]
[BlackElo "2630"]
[Annotator "ChessBase"]
[PlyCount "170"]
[EventDate "2021.12.29"]
[EventType "swiss"]
[EventCountry "POL"]
[Tiebreak "Cut1 Buchholz"]
[SourceTitle "playchess.com"]
[Source "ChessBase"]
[SourceQuality "1"]

1. d4 Nf6 2. Nf3 d5 3. c3 Bf5 4. Qb3 Qc8 5. Bg5 c6 6. Nbd2 Nbd7 7. e3 e6 8. Nh4
Bg6 9. Nxg6 hxg6 10. Bd3 Bd6 11. e4 Be7 12. e5 Ng8 13. Nf3 Qc7 14. h4 Bxg5 15.
Nxg5 Ne7 16. g3 a6 17. O-O c5 18. Qd1 Nc6 19. Qf3 Rf8 20. Qf4 Qb6 21. dxc5 Qxc5
22. Rfe1 O-O-O 23. Nxf7 Ndxe5 24. Rxe5 Nxe5 25. Qxe5 Rxf7 26. Qxe6+ Rdd7 27.
Rf1 Rf6 28. Qg4 Kc7 29. Bxg6 d4 30. Be8 Re7 31. cxd4 Qf5 32. Rc1+ Kd6 33. Qxf5
Rxf5 34. Bg6 Rd5 35. Rc2 Rxd4 36. Kg2 Re5 37. h5 Red5 38. Rc8 Re5 39. f4 Re7
40. Rc2 b5 41. Kf3 a5 42. g4 b4 43. g5 Re1 44. Rf2 Rh1 45. Kg4 a4 46. Kf5 a3
47. bxa3 bxa3 48. Rf3 Rd5+ 49. Kg4 Ra5 50. Kg3 Rg1+ 51. Kh3 Ra1 52. Rf2 Rb5 53.
h6 gxh6 54. gxh6 Ke7 55. h7 Rb8 56. Kg4 Kf6 57. f5 Rh1 58. Rf3 Rb4+ 59. Kg3 Ra4
60. Rb3 Ra8 61. Kg2 Rh4 62. Rb6+ Kg7 63. Rb7+ Kf6 64. Kg3 Rh1 65. Rb3 Kg7 66.
Kg2 Rh4 67. Kg3 Rh1 68. Kf4 Rf1+ 69. Ke5 Re1+ 70. Kd4 Re2 71. Rb7+ Kf6 72. Ra7
Rd8+ 73. Kc3 Rxa2 74. Kb3 Rb2+ 75. Kxa3 Rb6 76. Ra4 Kg7 77. Rb4 Rbd6 78. Rb7+
Kh8 79. Kb4 Rc8 80. Rb5 Rdc6 81. Kb3 Kg7 82. Rb7+ Kh8 83. Rb4 Rc3+ 84. Kb2 R3c6
85. Kb3 Kg7 1/2-1/2

[Event "FIDE Open World Blitz 2021"]
[Site "Warsaw"]
[Date "2021.12.30"]
[Round "19.35"]
[White "Blanco Acevedo, Cristobal Jose"]
[Black "Elier, Ali"]
[Result "1-0"]
[WhiteElo "2350"]
[BlackElo "2194"]
[Annotator "NA"]
[PlyCount "119"]
[EventDate "2021.12.29"]
[EventType "swiss"]
[EventCountry "POL"]
[Tiebreak "Cut1 Buchholz"]
[SourceTitle "playchess.com"]
[Source "ChessBase"]
[SourceQuality "1"]

1. e4 e5 2. Nf3 Nc6 3. Nc3 Nf6 4. g3 Bc5 5. Bg2 d6 6. d3 h5 7. h3 Be6 8. Bg5
Qd7 9. Na4 Bb6 10. Nxb6 axb6 11. c4 Ng8 12. a3 Nge7 13. Qd2 Na5 14. Rd1 Qa4 15.
Bxe7 Kxe7 16. Qg5+ Kf8 17. O-O f6 18. Qe3 Qd7 19. Nh4 Kf7 20. Kh2 g5 21. Nf5
Bxf5 22. exf5 Qxf5 23. Bd5+ Kg7 24. f4 Rae8 25. fxg5 Qxg5 26. Qxg5+ fxg5 27.
Rf7+ Kh6 28. Rdf1 Rhg8 29. Rxc7 Rg7 30. Rf6+ Kh7 31. Be4+ Kg8 32. Rxg7+ Kxg7
33. Rg6+ Kf7 34. Rxg5 Rh8 35. Kg2 Kf6 36. Rg6+ Ke7 37. Bd5 Rh7 38. Be4 Rh8 39.
Rg7+ Kf6 40. Rh7 Rxh7 41. Bxh7 Nb3 42. Be4 Nc5 43. Kf3 Kg5 44. h4+ Kf6 45. g4
hxg4+ 46. Kxg4 Na4 47. b4 Nc3 48. Bxb7 Nb1 49. a4 Na3 50. a5 bxa5 51. bxa5 Nc2
52. a6 Ne3+ 53. Kf3 Nf5 54. a7 Nxh4+ 55. Kg4 Ng6 56. a8=Q Kg7 57. Be4 Ne7 58.
Qe8 Ng8 59. Qg6+ Kf8 60. Bd5 1-0

[Event "FIDE Open World Blitz 2021"]
[Site "Warsaw"]
[Date "2021.12.30"]
[Round "19.36"]
[White "Timofeev, Artyom"]
[Black "Kovalev, Vladislav"]
[Result "0-1"]
[WhiteElo "2586"]
[BlackElo "2634"]
[Annotator "ChessBase"]
[PlyCount "104"]
[EventDate "2021.12.29"]
[EventType "swiss"]
[EventCountry "POL"]
[Tiebreak "Cut1 Buchholz"]
[SourceTitle "playchess.com"]
[Source "ChessBase"]
[SourceQuality "1"]

1. c4 g6 2. Nc3 Bg7 3. g3 d6 4. Bg2 e5 5. Nf3 f5 6. d3 Nf6 7. O-O O-O 8. Rb1
Nc6 9. b4 h6 10. b5 Ne7 11. Nd2 g5 12. a4 Ng6 13. a5 Rb8 14. Nd5 Nxd5 15. cxd5
b6 16. axb6 axb6 17. Qc2 g4 18. d4 e4 19. Nc4 h5 20. Be3 Bb7 21. Qd2 Bxd5 22.
Na3 h4 23. Nc2 h3 24. Bh1 Bb7 25. d5 Qf6 26. f3 exf3 27. exf3 Qc3 28. fxg4 fxg4
29. Be4 Qxd2 30. Bxd2 Ne5 31. Ne3 Nf3+ 32. Bxf3 gxf3 33. Rb4 Ra8 34. Rg4 Ra3
35. Rc1 f2+ 36. Kf1 Bc8 37. Rg5 Bd7 38. Rb1 Ra1 39. Rxg7+ Kh8 40. Rxd7 Rxb1+
41. Ke2 Kg8 42. Bc3 f1=Q+ 43. Nxf1 Rfxf1 44. Rg7+ Kf8 45. Rxc7 Rh1 46. Rh7
Rxh2+ 47. Kd3 Rxb5 48. Kc4 Rc5+ 49. Kd4 Rh1 50. Bb4 h2 51. Bxc5 bxc5+ 52. Kc4
Rc1+ 0-1

[Event "FIDE Open World Blitz 2021"]
[Site "Warsaw"]
[Date "2021.12.30"]
[Round "19.37"]
[White "Moroni, Luca Jr"]
[Black "Harikrishna, Pentala"]
[Result "1/2-1/2"]
[WhiteElo "2580"]
[BlackElo "2614"]
[Annotator "ChessBase"]
[PlyCount "73"]
[EventDate "2021.12.29"]
[EventType "swiss"]
[EventCountry "POL"]
[Tiebreak "Cut1 Buchholz"]
[SourceTitle "playchess.com"]
[Source "ChessBase"]
[SourceQuality "1"]

1. d4 Nf6 2. c4 e6 3. Nc3 Bb4 4. Nf3 d5 5. cxd5 exd5 6. Bf4 c6 7. e3 O-O 8. Bd3
Re8 9. O-O Nbd7 10. h3 Nf8 11. Ne5 Ng6 12. Nxg6 hxg6 13. a3 Bd6 14. Bxd6 Qxd6
15. b4 a6 16. Na4 Bf5 17. Nc5 Re7 18. a4 Bxd3 19. Nxd3 g5 20. b5 axb5 21. axb5
Ree8 22. bxc6 bxc6 23. Rxa8 Rxa8 24. Nc5 g6 25. Qf3 Kg7 26. Rb1 Nd7 27. Nxd7
Qxd7 28. Qg3 Qf5 29. Rc1 Qf6 30. Rc2 Ra1+ 31. Kh2 Ra4 32. Rb2 c5 33. Rb5 cxd4
34. Rxd5 dxe3 35. Qxe3 g4 36. Qe5 gxh3 37. Kxh3 1/2-1/2

[Event "FIDE Open World Blitz 2021"]
[Site "Warsaw"]
[Date "2021.12.30"]
[Round "19.38"]
[White "Donchenko, Alexander"]
[Black "Christiansen, Johan-Sebastian"]
[Result "1-0"]
[WhiteElo "2645"]
[BlackElo "2593"]
[Annotator "ChessBase"]
[PlyCount "99"]
[EventDate "2021.12.29"]
[EventType "swiss"]
[EventCountry "POL"]
[Tiebreak "Cut1 Buchholz"]
[SourceTitle "playchess.com"]
[Source "ChessBase"]
[SourceQuality "1"]

1. Nf3 d5 2. g3 Nd7 3. d4 Nb6 4. Bg2 Bf5 5. Nbd2 e6 6. O-O h6 7. Ne5 Nf6 8. c4
c6 9. Qb3 Rb8 10. Ndf3 Be7 11. Bf4 g5 12. Bd2 Nbd7 13. Bb4 O-O 14. Bxe7 Qxe7
15. h4 g4 16. Nxd7 Nxd7 17. Nd2 Bg6 18. e4 dxc4 19. Nxc4 c5 20. d5 exd5 21.
exd5 Qf6 22. Rfe1 b5 23. Ne3 Ne5 24. d6 Nd3 25. Nxg4 Qd4 26. Bf3 h5 27. Ne3
Nxe1 28. Rxe1 Qxd6 29. Nd5 Rfe8 30. Rxe8+ Rxe8 31. Qxb5 Re1+ 32. Kg2 Be4 33.
Bxe4 Rxe4 34. Nf4 Rb4 35. Qe2 Qc6+ 36. Kh2 c4 37. Nxh5 Qe6 38. Qd2 Rb6 39. Qd4
f6 40. Nf4 Qe5 41. Qxc4+ Kg7 42. b3 Rd6 43. Qc7+ Kg8 44. Qxa7 Rd4 45. Ng6 Qe4
46. Qb8+ Kg7 47. Nf4 Rd2 48. Qa7+ Kh6 49. Qc5 Qe5 50. Qf8+ 1-0

[Event "FIDE Open World Blitz 2021"]
[Site "Warsaw"]
[Date "2021.12.30"]
[Round "19.39"]
[White "Sadhwani, Raunak"]
[Black "Faizrakhmanov, Ramil"]
[Result "1-0"]
[WhiteElo "2562"]
[BlackElo "2396"]
[Annotator "ChessBase"]
[PlyCount "92"]
[EventDate "2021.12.29"]
[EventType "swiss"]
[EventCountry "POL"]
[Tiebreak "Cut1 Buchholz"]
[SourceTitle "playchess.com"]
[Source "ChessBase"]
[SourceQuality "1"]

1. d4 Nf6 2. Nf3 e6 3. Bf4 c5 4. e3 Nc6 5. c3 d5 6. Nbd2 Bd6 7. Bg3 O-O 8. Bd3
b6 9. e4 Be7 10. e5 Nh5 11. Ng5 Bxg5 12. Qxh5 g6 13. Qe2 cxd4 14. h4 Bh6 15. h5
g5 16. Nf3 dxc3 17. bxc3 f5 18. exf6 Qxf6 19. O-O Bd7 20. c4 Bg7 21. Rad1 g4
22. Nh2 e5 23. Nxg4 Qg5 24. Ne3 Nd4 25. Qd2 e4 26. Bb1 dxc4 27. Nc2 Qxd2 28.
Rxd2 Nxc2 29. Rxd7 Nd4 30. Re1 Rad8 31. Rxa7 c3 32. Bxe4 c2 33. h6 Bxh6 34.
Bxh7+ Kh8 35. Be5+ Bg7 36. Bxg7+ Kxh7 37. Bxf8+ Kg8 38. Ba3 Nb5 39. Rae7 Nxa3
40. Re8+ Rxe8 41. Rxe8+ Kf7 42. Re1 Nb5 43. Rc1 Nd4 44. Kf1 Ke6 45. Ke1 Ke5 46.
Kd2 Kd5 1-0

[Event "FIDE Open World Blitz 2021"]
[Site "Warsaw"]
[Date "2021.12.30"]
[Round "19.40"]
[White "Corrales Jimenez, Fidel"]
[Black "Klekowski, Maciej"]
[Result "1-0"]
[WhiteElo "2523"]
[BlackElo "2499"]
[Annotator "ChessBase"]
[PlyCount "72"]
[EventDate "2021.12.29"]
[EventType "swiss"]
[EventCountry "POL"]
[Tiebreak "Cut1 Buchholz"]
[SourceTitle "playchess.com"]
[Source "ChessBase"]
[SourceQuality "1"]

1. e4 c5 2. Nf3 e6 3. d4 cxd4 4. Nxd4 Nc6 5. Nc3 a6 6. Be2 Qc7 7. O-O Nf6 8.
Be3 Bb4 9. f4 Bxc3 10. bxc3 Nxe4 11. Nxc6 Nxc3 12. Qd3 Nxe2+ 13. Qxe2 Qxc6 14.
Bd4 O-O 15. f5 f6 16. c4 e5 17. Be3 b5 18. Rac1 Bb7 19. Rfd1 Rfd8 20. c5 Qe4
21. Qf2 Rac8 22. Re1 Qg4 23. Rcd1 Be4 24. Rf1 b4 25. h3 Qh5 26. Rd2 a5 27. Kh2
Bc6 28. g4 Qf7 29. g5 fxg5 30. Bxg5 Rf8 31. Qg3 Qh5 32. f6 g6 33. f7+ Rxf7 34.
Rxf7 Kxf7 35. Rf2+ Ke6 36. Rf6+ Kd5 1-0